00860nam a22002411 450000100060000000300080000600500170001400800410003103500190007204000320009104100080012308200210013111000450015224500700019726000420026730000430030935000100035250001450036250400290050765000230053670000310055970000280059029613BD-RjUL20211209051432.0140406s1968 nyuac b 100 0 eng  a(BD-RjUL)29698 aDLCcDLCdDLCdBD-RjULbeng aeng00a616.89bSOC 19682 aAmerican Psychopathological Association.00aSocial psychiatry /cEdited by Joseph Zubin and Fritz A. Freyhan. aNew York :bGrune & Stratton,cc1968. axii, 382 p. :billus., port. ;c22 cm. a14.50 a"The proceedings of the fifty-seventh annual meeting of the American Psychopathological Association, held in New York City, February, 1967." aIncludes bibliographies. 0aSocial psychiatry.1 aZubin, Joseph,d1900-eed.1 aFreyhan, Fritz A.,eed.